Govt. of
Madhya Pradesh

The Music of India (Record no. 35329)

MARC details
000 -LEADER
fixed length control field 004230000a22001690004500
003 - CONTROL NUMBER IDENTIFIER
control field MACL
005 - DATE AND TIME OF LATEST TRANSACTION
control field 20160110134045.0
008 - FIXED-LENGTH DATA ELEMENTS--GENERAL INFORMATION
fixed length control field 160110b xxu||||| |||| 00| 0 eng d
040 ## - CATALOGING SOURCE
Original cataloging agency MACL
Transcribing agency MACL
041 ## - LANGUAGE CODE
Language code of text/sound track or separate title English
082 ## - DEWEY DECIMAL CLASSIFICATION NUMBER
Classification number 780/POP
100 ## - MAIN ENTRY--PERSONAL NAME
Personal name Popley, Herbert A
9 (RLIN) 30943
245 ## - TITLE STATEMENT
Title The Music of India
260 ## - PUBLICATION, DISTRIBUTION, ETC. (IMPRINT)
Name of publisher, distributor, etc. Associated Publishing Com
Date of publication, distribution, etc. 1921
Place of publication, distribution, etc. London
650 ## - SUBJECT ADDED ENTRY--TOPICAL TERM
Topical term or geographic name as entry element Music
9 (RLIN) 30944
942 ## - ADDED ENTRY ELEMENTS (KOHA)
Koha item type Books
Call number prefix 780/Pop
Source of classification or shelving scheme
Holdings
Withdrawn status Lost status Source of classification or shelving scheme Damaged status Not for loan Home library Current library Date acquired Total Checkouts Full call number Barcode Date last seen Uniform Resource Identifier Price effective from Koha item type
          MACL MACL 15/04/2015   780/POP CLE005123 29/04/2015 35537 15/04/2015 Books